00305nam a2200121Ia 4500008004100000041000800041082002000049100003400069245002000103260003200123502001100155999001700166230128s9999 xx 000 0 und d aeng aNAR PR0231bNAR aNargunde A D (2K4217)9118959 aPurchase Module c2006bPune UniversityaPune cRanade c97257d97257